000 00535nam a2200193 a 4500
005 20230322063600.0
008 030911s1982 mx r 000 0 spa d
020 _a9500820714
035 _aUPN01000128764
049 _aCG
050 4 _aH91
_bP6.4
100 1 _aPorzecanski, Teresa
245 0 _aMito y realidad en las ciencias sociales /
_cTeresa Porzecanski.
260 _aBuenos Aires :
_bHvmanitas,
_c1982.
300 _a92 p.
440 0 _aGuidance ;
_v19
650 2 _aCiencias sociales
_xFilosofĂ­a
_95622
905 _aLibro
999 _c100941
_d100941